00382 2200145 4500001002100000005001500021035002000036245005800056300001700114260004100131082000800172084001200180020001800192990002600210INLIS00000000000094020260408021842 a0010-0426000009 aAnak Kecil yang Kehilangan Pundaknya /cKhoirul Trian a164 ;c19 cm aJakarta :bTransmedia Pustaka,c2025 a813 a813 ANA a9786022082507 a2025/SMKMIRI/3148/001